La educación comparada e internacional. Procesos históricos y dinámicas globales.

Saved in:
Bibliografiske detaljer
Hovedforfatter: Vega Gil, Leoncio (autor)
Format: Ukendt
Udgivet: Barcelona, España: Octaedro - ICE, 2011.
Udgivelse:Primera edición.
Serier:Educación Comparada e Internacional.
Fag:
Tags: Tilføj Tag
Ingen Tags, Vær først til at tagge denne postø!

MARC

LEADER 00000 a2200000 4500
003 CL-VaPUC
005 20220718115645.0
008 220707t2011 ||||| |||| 00| 0 eng d
999 |c 436302  |d 436300 
020 |a 978-84-9921-169-5 
040 |c Pontificia Universidad Católica de Valparaíso 
082 7 |a 370.9 VEG 2011  |2 22 
100 |a Vega Gil, Leoncio   |9 871356  |e autor 
245 |a La educación comparada e internacional.   |b Procesos históricos y dinámicas globales. 
250 |a Primera edición. 
260 |a Barcelona, España:  |b Octaedro - ICE,  |c 2011. 
300 |a 126 páginas. 
490 |a Educación Comparada e Internacional.   |n  2. 
583 |k Cristina María Rojas Aguilar  |c 20220707 
650 |a Educación   |x Historia   |9 872588 
650 |a Educación comparada   |9 307694 
942 |2 ddc  |c BK 
952 |0 0  |1 0  |2 ddc  |4 0  |6 370_900000000000000_VEG_2011  |7 0  |8 A  |9 584492  |a BIBTEO  |b BIBTEO  |c GEN  |d 2022-07-07  |e 62  |g 14450.17  |i 5652690  |l 1  |m 1  |o 370.9 VEG 2011  |p 5652690  |r 2025-01-17  |s 2022-10-12  |t 1  |v 14450.17  |w 2022-07-07  |y BK  |k ICR